Statistics for Biggest cities in 6 countries on a map

Click here to take the quiz!

General Stats

  • This quiz has been taken 902 times
  • The average score is 27 of 36

Answers on the Map

Answers color-coded by a green-red scale on the quiz's map according to % correct below.
 

Answer Stats

CountryAnswer% Correct
FranceParis
99%
JapanTokyo
99%
United KingdomLondon
97%
MexicoMexico City
97%
IndiaDelhi
95%
FranceMarseille
93%
IndiaMumbai
93%
BrazilRio de Janeiro
93%
FranceLyon
92%
United KingdomManchester
92%
JapanOsaka
90%
BrazilSaõ Paulo
90%
United KingdomBirmingham
88%
BrazilBrasília
88%
United KingdomGlasgow
86%
United KingdomLiverpool
86%
IndiaKolkata
84%
FranceNice
80%
MexicoGuadalajara
77%
IndiaChennai
72%
IndiaBangalore
70%
FranceToulouse
70%
JapanNagoya
68%
JapanSapporo
68%
BrazilBelo Horizonte
65%
IndiaHyderabad
65%
FranceNantes
57%
JapanYokohama
56%
MexicoTijuana
55%
BrazilSalvador
54%
United KingdomBristol
53%
BrazilFortaleza
52%
JapanFukuoka
45%
MexicoPuebla
40%
MexicoCiudad Juárez
35%
MexicoEcatepec
13%

Score Distribution

Percentile by Number Answered

Percent of People with Each Score

Your Score History

You have not taken this quiz